| 000 | 01903nam a2200337 i 4500 | ||
|---|---|---|---|
| 001 | 768714001 | ||
| 003 | CO-MdFUSB | ||
| 005 | 20250512100630.0 | ||
| 007 | ta | ||
| 008 | 240731t1996 ck aco|| |||| 00| 0 spa d | ||
| 020 | _a9789580430995 | ||
| 040 |
_aCO-MdFUSB _bspa _cCO-MdFUSB _dCO-MdFUSBC _erda |
||
| 041 | _aspa | ||
| 082 |
_223 _a306.0986 _bH673 |
||
| 245 |
_aHistoria de la vida cotidiana en Colombia _c/ editado por Beatriz Castro Carvajal |
||
| 264 | 1 |
_bNorma, _aBogotá, Colombia : _c[1996] |
|
| 264 | 4 | _c©1996 | |
| 300 |
_a445 páginas _c; 21 cm |
||
| 336 |
_2rdacontent _atexto _btxt |
||
| 337 |
_2rdamedia _asin mediación _bn |
||
| 338 |
_2rdacarrier _avolumen _bnc |
||
| 490 | _aColección Vitral, | ||
| 505 |
_gPrimera parte: _aLa Conquista _tLa vida cotidiana en la Conquista / José Ignacio Avellaneda Navas _gSegunda parte: _tLa Colonia: _aLa vida cotidiana en las minas coloniales Pablo Rodríguez / Jaime Humberto Borja. -- La vida cotidiana en la las haciendas coloniales Pablo Rodríguez / Beatriz Castro Carvajal. -- Casa y orden cotidiano en el Nuevo Reino de Granada, S. XVIII / Pablo Rodríguez Jiménez. -- La vida cotidiana y pública en las ciudades coloniales / Margarita Garrido. _gTercera parte: _tLa república: _aLa vida rural cotidiana en la República / Michael F. Jiménez. -- La vida doméstica en las ciudades republicanas / Catalina Reyes/Lina Marcela González. -- La vida pública en las ciudades republicanas / Beatriz Castro Carvajal. -- La política en la vida cotidiana republicana / Malcolm Deas. -- Guerras civiles y vida cotidiana / Carlos Eduardo Jaramillo Castillo. |
||
| 563 | _aRústico | ||
| 651 | 0 |
_aColombia _xHistoria social |
|
| 651 | 0 |
_aColombia _xCostumbres y vida cotidiana |
|
| 651 | 0 |
_aColombia _xÉpoca colonial -- Historia _ySiglo XIX |
|
| 700 |
_aCastro Carvajal, Beatriz, _910391 _eeditor |
||
| 942 | _cBK | ||
| 945 | _aJTF-925 | ||
| 999 |
_c70650 _d70650 |
||